<?xml version="1.0" encoding="UTF-8"?>
<record
    xmlns:xsi="http://www.w3.org/2001/XMLSchema-instance"
    xsi:schemaLocation="http://www.loc.gov/MARC21/slim http://www.loc.gov/standards/marcxml/schema/MARC21slim.xsd"
    xmlns="http://www.loc.gov/MARC21/slim">

  <leader>03087cam a2200349 a 4500</leader>
  <controlfield tag="001">17455003</controlfield>
  <controlfield tag="005">20201128024012.0</controlfield>
  <controlfield tag="008">120906s2013    nyua   frbd   001 0 eng d</controlfield>
  <datafield tag="010" ind1=" " ind2=" ">
    <subfield code="a">  2012027968</subfield>
  </datafield>
  <datafield tag="020" ind1=" " ind2=" ">
    <subfield code="a">9780071784115 (hbk. : alk. paper)</subfield>
  </datafield>
  <datafield tag="020" ind1=" " ind2=" ">
    <subfield code="a">007178411X (hbk. : alk. paper)</subfield>
  </datafield>
  <datafield tag="040" ind1=" " ind2=" ">
    <subfield code="a">DLC</subfield>
    <subfield code="b">eng</subfield>
    <subfield code="c">DLC</subfield>
    <subfield code="d">DLC</subfield>
    <subfield code="d">EG-ScBUE</subfield>
  </datafield>
  <datafield tag="042" ind1=" " ind2=" ">
    <subfield code="a">pcc</subfield>
  </datafield>
  <datafield tag="082" ind1="0" ind2="4">
    <subfield code="2">22</subfield>
    <subfield code="a">658.202</subfield>
    <subfield code="b">PAL</subfield>
  </datafield>
  <datafield tag="100" ind1="1" ind2=" ">
    <subfield code="a">Palmer, Doc.</subfield>
    <subfield code="9">41679</subfield>
  </datafield>
  <datafield tag="245" ind1="1" ind2="0">
    <subfield code="a">Maintenance planning and scheduling handbook /</subfield>
    <subfield code="c">Doc Palmer.</subfield>
  </datafield>
  <datafield tag="250" ind1=" " ind2=" ">
    <subfield code="a">3rd ed.</subfield>
  </datafield>
  <datafield tag="260" ind1=" " ind2=" ">
    <subfield code="a">New York :</subfield>
    <subfield code="b">The McGraw-Hill Companies, Inc.,</subfield>
    <subfield code="c">c.2013.</subfield>
  </datafield>
  <datafield tag="300" ind1=" " ind2=" ">
    <subfield code="a">xxxix, 861 p. :</subfield>
    <subfield code="b">ill. ;</subfield>
    <subfield code="c">25 cm.</subfield>
  </datafield>
  <datafield tag="500" ind1=" " ind2=" ">
    <subfield code="a">Index : p. 845-861.</subfield>
  </datafield>
  <datafield tag="500" ind1=" " ind2=" ">
    <subfield code="a">Glossary : p. 835-838.</subfield>
  </datafield>
  <datafield tag="504" ind1=" " ind2=" ">
    <subfield code="a">Bibliography : p. 839-841.</subfield>
  </datafield>
  <datafield tag="505" ind1=" " ind2=" ">
    <subfield code="a">Prologue: a day in the life, May 10, 2020 -- The business case for the benefit of planning (why do planning?) -- Planning principles (what makes planning so frustrating and what makes it work?) -- Scheduling principles (why do we have to do scheduling and what makes it work?) -- Success only after dealing with reactive maintenance (what if something breaks?) -- Basic planning (let's plan a work order) -- Advance scheduling (let's create a schedule) -- Daily scheduling and supervision (what should the supervisor be doing?) -- Forms and resources overview (tools that planners use) -- The computer in maintenance (how a computer can help and hinder planning) --
How planning interacts with preventive maintenance, predictive maintenance, and project work -- Control (how do we control planning itself and what are associated KPIs for planning and overall maintenance?) -- Shutdown, turnaround, overhaul, and outage management -- Conclusion: start planning --
Epilogue: an alternative day in the life, May 10, 2020 --
Planning is just one tool; what are the other tools needed? --
The people side of planning -- What to buy and where --
Sample forms and work orders -- Overview of duties for planners and others -- DIY (do it yourself) wrench time study, quick and easy in-house -- Sample work sampling (wrench time) study: "ministudy" -- Sample work sampling (wrench time) study: full-blown study -- Special factors affecting productivity --
Work order system and codes -- Equipment schematics and tagging -- Computerized maintenance management systems and scheduling with excel spreadsheets -- Establishing and supporting a planning group (barriers and aids to success) --
Example formal job description for planners -- Example training tests -- Questions for managers to ask to improve maintenance planning -- Contracting out work -- Concise text of missions, principles, and guidelines.</subfield>
  </datafield>
  <datafield tag="520" ind1=" " ind2=" ">
    <subfield code="a">Fully updated and revised throughout, this is a new edition of the bestselling blockbuster that set the industry standard for maintenance planning.
</subfield>
  </datafield>
  <datafield tag="590" ind1=" " ind2=" ">
    <subfield code="a">Wessam</subfield>
  </datafield>
  <datafield tag="650" ind1=" " ind2="7">
    <subfield code="a">Product life cycle.</subfield>
    <subfield code="2">BUEsh</subfield>
    <subfield code="9">41678</subfield>
  </datafield>
  <datafield tag="650" ind1=" " ind2="7">
    <subfield code="a">Production management.</subfield>
    <subfield code="2">BUEsh</subfield>
    <subfield code="9">1855</subfield>
  </datafield>
  <datafield tag="651" ind1=" " ind2=" ">
    <subfield code="2">BUEsh</subfield>
  </datafield>
  <datafield tag="653" ind1=" " ind2=" ">
    <subfield code="b">ENGGEN</subfield>
    <subfield code="c">November2016</subfield>
  </datafield>
  <datafield tag="653" ind1=" " ind2=" ">
    <subfield code="b">ENGMEC</subfield>
    <subfield code="c">November2016</subfield>
  </datafield>
  <datafield tag="942" ind1=" " ind2=" ">
    <subfield code="2">ddc</subfield>
    <subfield code="e">22</subfield>
    <subfield code="k">658.202 PAL</subfield>
  </datafield>
  <datafield tag="999" ind1=" " ind2=" ">
    <subfield code="c">23216</subfield>
    <subfield code="d">23188</subfield>
  </datafield>
  <datafield tag="952" ind1=" " ind2=" ">
    <subfield code="0">0</subfield>
    <subfield code="1">0</subfield>
    <subfield code="2">ddc</subfield>
    <subfield code="4">0</subfield>
    <subfield code="7">0</subfield>
    <subfield code="8">Baccah</subfield>
    <subfield code="a">MAIN</subfield>
    <subfield code="b">MAIN</subfield>
    <subfield code="c">1ST</subfield>
    <subfield code="d">2016-11-20</subfield>
    <subfield code="e">Purchase</subfield>
    <subfield code="g">719.00</subfield>
    <subfield code="h">25843</subfield>
    <subfield code="l">1</subfield>
    <subfield code="m">3</subfield>
    <subfield code="o">658.202 PAL</subfield>
    <subfield code="p">000034802</subfield>
    <subfield code="r">2025-07-15 00:00:00</subfield>
    <subfield code="s">2019-10-28</subfield>
    <subfield code="v">898.75</subfield>
    <subfield code="y">BB</subfield>
  </datafield>
</record>
